Countries with the most Craters - Statistics

General Stats
  • This quiz has been taken 24 times
  • The average score is 8 of 12
Answer Stats
# Country % Correct
18 Russia
95%
28 Canada
89%
30 United States
89%
29 Australia
84%
8 Brazil
79%
4 Kazakhstan
63%
4 South Africa
63%
4 Algeria
53%
7 Ukraine
53%
8 Sweden
42%
12 Finland
37%
4 Estonia
16%
No matching quizzes found
Score Distribution
Percent of People with Each Score
Percentile by Number Answered
Your Score History
You have not taken this quiz